| 000 | 00535nam a22001817a 4500 | ||
|---|---|---|---|
| 005 | 20251203011646.0 | ||
| 008 | 251203b |||||||| |||| 00| 0 eng d | ||
| 020 | _a9789551772338 | ||
| 082 |
_222 _a303.48 _bAFT |
||
| 245 |
_aAfter the waves _bThe Imapct of the Tsunami on Wowen in Sri Lanka |
||
| 250 | _a2nd. Ed. | ||
| 260 |
_aColombo _bSocial Scientist Association _c2009 |
||
| 300 | _aiv, 304 p. | ||
| 700 |
_aDe Mel, Neloufer. _eedt |
||
| 700 |
_aRuwanpura, Kanchana N. _eedt |
||
| 700 |
_aSamarasinghe, gameela. _eedt |
||
| 942 | _cL | ||
| 999 |
_c6091 _d6091 |
||